| 000 | 00438cam a22001577a 4500 | ||
|---|---|---|---|
| 008 | 180718b2010 xxu||||| |||| 00| 0 eng d | ||
| 020 | _a8122007805 | ||
| 082 | _aA99 K528u | ||
| 100 | _aKhosla, I.P. | ||
| 245 |
_aUnderdogs and end empires : a memoir _cby I.P. Khosla |
||
| 260 |
_aDelhi _bKonark _c2010 |
||
| 300 | _a419p. | ||
| 650 | _aIndia -- Foreign relations | ||
| 650 | _aDiplomats -- India -- Biography | ||
| 650 | _aKhosla, I. P | ||
| 999 |
_c444228 _d444228 |
||